[Event "SLO-chT (Women)"]
[Site "Mala Nedelja"]
[Date "2024.05.18"]
[Round "3.2"]
[White "Groselj, Petra"]
[Black "Rozmanec, Pia"]
[Result "0-1"]
[WhiteElo "1954"]
[BlackElo "1876"]
[PlyCount "124"]
[EventDate "2024.05.16"]
[EventType "team-tourn"]
[EventRounds "5"]
[EventCountry "SLO"]
[SourceTitle "CBM 220 Extra"]
[Source "ChessBase"]
[SourceDate "2024.07.31"]
[SourceVersion "1"]
[SourceVersionDate "2024.07.31"]
[SourceQuality "1"]
[WhiteTeam "Domzale SD (W)"]
[BlackTeam "Celje (W)"]
[WhiteTeamCountry "SLO"]
[BlackTeamCountry "SLO"]

1. e4 c5 2. Nf3 Nc6 3. d4 cxd4 4. Nxd4 Nf6 5. Nc3 e5 6. Ndb5 d6 7. Bg5 a6 8. Na3 b5 9. Nd5 Be7 10. Bxf6 Bxf6 11. c3 Rb8 12. Nc2 Bg5 13. Be2 0-0 14. 0-0 a5 15. f4 exf4 16. Nxf4 Ne5 17. Qd4 Bf6 18. Qf2 Ng6 19. Nd5 Be5 20. Nd4 Bd7 21. Rad1 Ne7 22. Nxe7+ Qxe7 23. Nf5 Bxf5 24. Qxf5 b4 25. cxb4 Rxb4 26. b3 Qh4 27. g3 Qxe4 28. Qxe4 Rxe4 29. Bc4 g6 30. Rd5 Bd4+ 31. Kg2 Bc5 32. Rd2 Kg7 33. Re2 Rxe2+ 34. Bxe2 Re8 35. Bc4 f6 36. a4 Re5 37. Rd1 f5 38. Rd2 Kf6 39. Rd1 h6 40. Rd2 Bb4 41. Rd1 Re1 42. Rd5 Bc5 43. Rd2 g5 44. h3 Rg1+ 45. Kh2 Re1 46. Kg2 Ke5 47. Kf3 Re3+ 48. Kg2 f4 49. gxf4+ gxf4 50. Rd5+ Ke4 51. Rh5 Rg3+ 52. Kh2 Rg6 53. Rd5 Rf6 54. Rd1 Bb4 55. Bd3+ Ke3 56. Kg2 Bd2 57. Bf1 d5 58. Bb5 f3+ 59. Kh2 d4 60. Bf1 d3 61. Kg3 Rc6 62. Rb1 Rc1 0-1

[Event "SLO-chT (Women)"]
[Site "Mala Nedelja"]
[Date "2024.05.18"]
[Round "4.2"]
[White "Rozmanec, Pia"]
[Black "Urbanc, Suzana"]
[Result "1/2-1/2"]
[WhiteElo "1876"]
[BlackElo "1774"]
[PlyCount "63"]
[EventDate "2024.05.16"]
[EventType "team-tourn"]
[EventRounds "5"]
[EventCountry "SLO"]
[SourceTitle "CBM 220 Extra"]
[Source "ChessBase"]
[SourceDate "2024.07.31"]
[SourceVersion "1"]
[SourceVersionDate "2024.07.31"]
[SourceQuality "1"]
[WhiteTeam "Celje (W)"]
[BlackTeam "Krsko Kostak (W)"]
[WhiteTeamCountry "SLO"]
[BlackTeamCountry "SLO"]

1. e4 Nf6 2. e5 Nd5 3. d4 d6 4. c4 Nb6 5. exd6 cxd6 6. Nc3 g6 7. Be3 Bg7 8. Rc1 0-0 9. b3 d5 10. c5 e5 11. cxb6 Nc6 12. Nge2 exd4 13. Nxd4 Bxd4 14. Bxd4 Qh4 15. Be2 Qxd4 16. 0-0 Qxd1 17. Rfxd1 axb6 18. Rxd5 Nb4 19. Rd2 Be6 20. Na4 Nxa2 21. Rb1 Bxb3 22. Nxb6 Nc3 23. Rxb3 Nxe2+ 24. Kf1 Nc1 25. Rb1 Ra6 26. Nd7 Rc8 27. Rxb7 Ra1 28. Rd1 Nb3 29. Rxa1 Nxa1 30. Rb8 Rxb8 31. Nxb8 Kf8 32. Ke2 1/2-1/2

[Event "Portoroz op 14th"]
[Site "Portoroz"]
[Date "2023.07.20"]
[Round "7"]
[White "Rozmanec, Pia"]
[Black "Leban, Vilijan"]
[Result "0-1"]
[WhiteElo "1818"]
[BlackElo "1317"]
[PlyCount "48"]
[EventDate "2023.07.15"]
[EventType "swiss"]
[EventRounds "9"]
[EventCountry "SLO"]
[SourceTitle "CBM 215 Extra"]
[Source "ChessBase"]
[SourceDate "2023.09.30"]
[SourceVersion "1"]
[SourceVersionDate "2023.09.30"]
[SourceQuality "1"]

1. e4 c5 2. Nf3 e6 3. d4 cxd4 4. Nxd4 Nc6 5. Nc3 Nf6 6. Ndb5 d6 7. Bf4 e5 8. Bg5 a6 9. Na3 b5 10. Nd5 Be7 11. Bxf6 Bxf6 12. c3 Be6 13. Nc2 Bg5 14. a4 bxa4 15. Rxa4 a5 16. Bb5 Bd7 17. 0-0 0-0 18. b4 axb4 19. Rxa8 Qxa8 20. Nb6 Qb7 21. Nxd7 Qxb5 22. Nxf8 b3 23. Na1 b2 24. Qb3 Qxf1+ 0-1

[Event "Portoroz op 14th"]
[Site "Portoroz"]
[Date "2023.07.15"]
[Round "1"]
[White "Rozmanec, Pia"]
[Black "Stevanic, David"]
[Result "0-1"]
[WhiteElo "1818"]
[BlackElo "2294"]
[PlyCount "68"]
[EventDate "2023.07.15"]
[EventType "swiss"]
[EventRounds "9"]
[EventCountry "SLO"]
[SourceTitle "CBM 215 Extra"]
[Source "ChessBase"]
[SourceDate "2023.09.30"]
[SourceVersion "1"]
[SourceVersionDate "2023.09.30"]
[SourceQuality "1"]

1. e4 e5 2. Nf3 Nc6 3. d4 exd4 4. Nxd4 Nf6 5. Nxc6 bxc6 6. Bd3 d6 7. 0-0 Be7 8. f4 d5 9. e5 Bc5+ 10. Kh1 Ng4 11. Qe1 Qe7 12. Bd2 g6 13. h3 h5 14. b4 Bb6 15. a4 a6 16. a5 Ba7 17. Qe2 Nh6 18. Bxa6 Nf5 19. Be1 Bd7 20. Bb7 Rb8 21. Qa6 Be3 22. Bxc6 0-0 23. Bxd7 Qxd7 24. Qd3 d4 25. Na3 Qa4 26. Rb1 c5 27. b5 c4 28. Nxc4 Rfc8 29. Rb4 Qa2 30. Kh2 h4 31. Rb3 Rxb5 32. Rxb5 Rxc4 33. c3 Ra4 34. c4 Rxc4 0-1

[Event "SLO-chT (Women)"]
[Site "Radenci"]
[Date "2023.05.11"]
[Round "1.3"]
[White "Rozmanec, Pia"]
[Black "Mihevc Mohr, Narcisa"]
[Result "1-0"]
[WhiteElo "1764"]
[BlackElo "1959"]
[PlyCount "71"]
[EventDate "2023.05.11"]
[EventType "team-tourn"]
[EventRounds "5"]
[EventCountry "SLO"]
[SourceTitle "CBM 214 Extra"]
[Source "ChessBase"]
[SourceDate "2023.07.31"]
[SourceVersion "1"]
[SourceVersionDate "2023.07.31"]
[SourceQuality "1"]
[WhiteTeam "Celje (W)"]
[BlackTeam "Maribor Poligram (W)"]
[WhiteTeamCountry "SLO"]
[BlackTeamCountry "SLO"]

1. e4 c5 2. Nf3 e6 3. Nc3 Nc6 4. d4 cxd4 5. Nxd4 Nf6 6. Ndb5 d6 7. Bf4 e5 8. Bg5 a6 9. Na3 b5 10. Nd5 Be7 11. Bxf6 Bxf6 12. c3 Ne7 13. Nxf6+ gxf6 14. Nc2 Bb7 15. Bd3 f5 16. exf5 e4 17. Be2 Nxf5 18. g4 Nh4 19. Qd4 0-0 20. 0-0-0 Qg5+ 21. Ne3 Ng2 22. Kb1 Nxe3 23. fxe3 d5 24. Rdf1 Rab8 25. Rf5 Qg7 26. Qd2 Bc6 27. h4 Kh8 28. Rg5 Qf6 29. Rf1 Qe7 30. Qd4+ f6 31. Rgf5 Bb7 32. g5 b4 33. gxf6 Qf7 34. Bh5 bxc3 35. b3 Qg8 36. Rg5 1-0

[Event "SLO-chT 32nd"]
[Site "Ljubljana"]
[Date "2022.10.29"]
[Round "8.3"]
[White "Rozmanec, Pia"]
[Black "Brinovec, Dusan"]
[Result "0-1"]
[WhiteElo "1706"]
[BlackElo "2190"]
[PlyCount "86"]
[EventDate "2022.09.02"]
[EventType "team-tourn"]
[EventRounds "9"]
[EventCountry "SLO"]
[SourceTitle "EXT 2024"]
[Source "ChessBase"]
[SourceDate "2023.10.10"]
[SourceVersion "1"]
[SourceVersionDate "2023.10.10"]
[SourceQuality "1"]
[WhiteTeam "Celje"]
[BlackTeam "Zalec"]
[WhiteTeamCountry "SVK"]
[BlackTeamCountry "SVK"]

1. e4 d5 2. exd5 Qxd5 3. Nc3 Qa5 4. d4 Nf6 5. Bc4 c6 6. Nge2 e6 7. 0-0 Be7 8. Ng3 Nbd7 9. f4 0-0 10. Qe2 Re8 11. Nce4 Nxe4 12. Nxe4 Nf6 13. Nxf6+ Bxf6 14. Be3 Bd7 15. Rad1 Rad8 16. Bb3 c5 17. Qf2 Bb5 18. c4 cxd4 19. Bxd4 Bxd4 20. Rxd4 Rxd4 21. Qxd4 Bc6 22. Rd1 h6 23. a3 e5 24. fxe5 Qxe5 25. Qxe5 Rxe5 26. Rd8+ Kh7 27. Bc2+ g6 28. Kf2 Kg7 29. b4 Bxg2 30. Bxg6 Bh3 31. Bc2 b6 32. Rd3 Be6 33. Rc3 Rh5 34. Kg2 Kf6 35. Bd1 Rg5+ 36. Kf2 Ke5 37. Be2 Kd4 38. Rc1 Rf5+ 39. Ke1 a5 40. b5 Kc5 41. h4 Rf4 42. h5 Bxc4 43. Rd1 Re4 0-1

[Event "SLO-ch 32nd"]
[Site "Radenci"]
[Date "2022.07.03"]
[Round "1"]
[White "Hrescak, Ivana"]
[Black "Rozmanec, Pia"]
[Result "1-0"]
[WhiteElo "2155"]
[BlackElo "1642"]
[PlyCount "105"]
[EventDate "2022.07.03"]
[EventType "swiss"]
[EventRounds "9"]
[EventCountry "SLO"]
[SourceTitle "EXT 2023"]
[Source "ChessBase"]
[SourceDate "2022.10.05"]
[SourceVersion "1"]
[SourceVersionDate "2022.10.05"]
[SourceQuality "1"]

1. d4 Nf6 2. c4 e5 3. d5 Bc5 4. e3 c6 5. Nc3 0-0 6. Nge2 d6 7. h3 cxd5 8. cxd5 Bb4 9. Bd2 Qa5 10. e4 Bc5 11. Nc1 Nbd7 12. Be2 a6 13. Nb3 Qb6 14. 0-0 Qa7 15. Nxc5 Nxc5 16. Qc2 b6 17. b4 Nb7 18. Bg5 Kh8 19. f4 Ng8 20. Rf3 f6 21. Bh4 exf4 22. Rxf4 Bd7 23. Bf2 Rac8 24. Qd2 Ne7 25. Bd4 a5 26. b5 Nc5 27. Raf1 Qb8 28. Bg4 Ng6 29. R4f2 Rce8 30. Bxc5 Bxg4 31. Be3 Bd7 32. Qd4 Qc7 33. Rc1 Qc5 34. Qd2 Qc7 35. Na4 Qb7 36. Nc3 Ne5 37. Qd4 Rc8 38. Rcc2 Rc4 39. Qxb6 Qxb6 40. Bxb6 Rfc8 41. Bxa5 Bxb5 42. Rb2 Bd7 43. Rb3 R4c5 44. Bb4 Rc4 45. Bxd6 Nd3 46. Rf3 Nc1 47. Rb7 Rxc3 48. Rxd7 Nxa2 49. Kh2 Re8 50. e5 Rxf3 51. gxf3 Nc3 52. Bc7 fxe5 53. Bxe5 1-0

[Event "SLO-chT (Women)"]
[Site "Rogaska Slatina"]
[Date "2022.05.21"]
[Round "4.1"]
[White "Vidic, Teja"]
[Black "Rozmanec, Pia"]
[Result "1-0"]
[WhiteElo "2168"]
[BlackElo "1612"]
[PlyCount "30"]
[EventDate "2022.05.13"]
[EventType "team-tourn"]
[EventRounds "5"]
[EventCountry "SLO"]
[SourceTitle "EXT 2024"]
[Source "ChessBase"]
[SourceDate "2023.10.10"]
[SourceVersion "1"]
[SourceVersionDate "2023.10.10"]
[SourceQuality "1"]
[WhiteTeam "Ljubljana Tajfun (W)"]
[BlackTeam "Celje (W)"]
[WhiteTeamCountry "SLO"]
[BlackTeamCountry "SLO"]

1. e4 c5 2. c3 d5 3. exd5 Qxd5 4. d4 Nc6 5. Nf3 Bg4 6. Be2 cxd4 7. cxd4 e6 8. Nc3 Qd6 9. d5 exd5 10. 0-0 Rd8 11. Nb5 Qb8 12. Nfd4 Bd7 13. g3 Ne5 14. Bf4 a6 15. Re1 Bxb5 1-0

[Event "World Cup U16 Girls Prel"]
[Site "Tornelo INT"]
[Date "2021.08.06"]
[Round "2"]
[White "Gayle, Kaity"]
[Black "Rozmanec, Pia"]
[Result "0-1"]
[WhiteElo "1220"]
[BlackElo "1554"]
[PlyCount "62"]
[EventDate "2021.08.06"]
[EventType "swiss (rapid)"]
[EventRounds "10"]
[EventCountry "NET"]
[SourceTitle "EXT 2025"]
[Source "ChessBase"]
[SourceDate "2024.10.14"]
[SourceVersion "1"]
[SourceVersionDate "2024.10.14"]
[SourceQuality "1"]

1. e4 c5 2. Nc3 d6 3. Bb5+ Bd7 4. Qe2 a6 5. Bxd7+ Qxd7 6. Nf3 Nc6 7. 0-0 g6 8. d3 Bg7 9. Rb1 Nf6 10. Be3 b6 11. Qd2 0-0 12. Bh6 Qc7 13. Bxg7 Kxg7 14. d4 cxd4 15. Nxd4 Ne5 16. f4 Nc4 17. Qe2 Nxb2 18. f5 Qxc3 19. Nf3 Qc5+ 20. Kh1 Nc4 21. fxg6 hxg6 22. h3 Rh8 23. Ng5 Ne3 24. Rf2 Qxg5 25. Qd2 Nxe4 26. Qd4+ Nf6 27. Qd2 Qc5 28. Qe2 Nf5 29. Qe1 Ng3+ 30. Kh2 Ng4+ 31. Kg1 Nxf2 0-1

[Event "World Cup U16 Girls Prel"]
[Site "Tornelo INT"]
[Date "2021.08.06"]
[Round "5"]
[White "Rozmanec, Pia"]
[Black "Kanishka, S."]
[Result "0-1"]
[WhiteElo "1554"]
[BlackElo "1292"]
[PlyCount "74"]
[EventDate "2021.08.06"]
[EventType "swiss (rapid)"]
[EventRounds "10"]
[EventCountry "NET"]
[SourceTitle "EXT 2025"]
[Source "ChessBase"]
[SourceDate "2024.10.14"]
[SourceVersion "1"]
[SourceVersionDate "2024.10.14"]
[SourceQuality "1"]

1. e4 c6 2. d4 d5 3. Nc3 dxe4 4. Nxe4 Nf6 5. Nxf6+ exf6 6. c3 Bd6 7. Bd3 0-0 8. Ne2 Re8 9. 0-0 Qc7 10. h3 Nd7 11. Qc2 Nf8 12. Be3 Be6 13. Rac1 Rad8 14. c4 Qb8 15. Nc3 Bf4 16. Ne2 Bd6 17. Qd2 f5 18. f4 Bc8 19. Ng3 g6 20. Rce1 Bc7 21. Qf2 a6 22. Bc2 Ne6 23. Rd1 Bb6 24. d5 Bxe3 25. Qxe3 Nc7 26. Qf3 cxd5 27. cxd5 b5 28. Bb3 Qb6+ 29. Kh1 Bb7 30. Qc3 Nxd5 31. Bxd5 Rxd5 32. Rxd5 Bxd5 33. a3 Qb7 34. Qd2 Rd8 35. Qc2 Bc4 36. Re1 Qd5 37. Nf1 Qd4 0-1

[Event "World Cup U16 Girls Prel"]
[Site "Tornelo INT"]
[Date "2021.08.06"]
[Round "7"]
[White "Rozmanec, Pia"]
[Black "Ong, Zhiwei"]
[Result "1-0"]
[WhiteElo "1554"]
[BlackElo "1327"]
[PlyCount "51"]
[EventDate "2021.08.06"]
[EventType "swiss (rapid)"]
[EventRounds "10"]
[EventCountry "NET"]
[SourceTitle "EXT 2025"]
[Source "ChessBase"]
[SourceDate "2024.10.14"]
[SourceVersion "1"]
[SourceVersionDate "2024.10.14"]
[SourceQuality "1"]

1. e4 c5 2. Nf3 d6 3. d4 cxd4 4. Nxd4 Nf6 5. Nc3 a6 6. f3 e5 7. Nb3 Be6 8. Be3 h5 9. Qd2 Nbd7 10. 0-0-0 Be7 11. Kb1 Rc8 12. f4 Qc7 13. f5 Bc4 14. h3 b5 15. Qf2 b4 16. Bxc4 Qxc4 17. Nd5 Nxe4 18. Qe1 Rb8 19. Na5 Qc8 20. Nxb4 Rb5 21. Nac6 a5 22. Na7 Qb7 23. Nxb5 Qxb5 24. Nd5 Ndc5 25. Nc7+ Kd7 26. Nxb5 1-0

[Event "World Cup U16 Girls Prel"]
[Site "Tornelo INT"]
[Date "2021.08.06"]
[Round "10"]
[White "Stastna, Martina"]
[Black "Rozmanec, Pia"]
[Result "1-0"]
[WhiteElo "1692"]
[BlackElo "1554"]
[PlyCount "82"]
[EventDate "2021.08.06"]
[EventType "swiss (rapid)"]
[EventRounds "10"]
[EventCountry "NET"]
[SourceTitle "EXT 2025"]
[Source "ChessBase"]
[SourceDate "2024.10.14"]
[SourceVersion "1"]
[SourceVersionDate "2024.10.14"]
[SourceQuality "1"]

1. e4 c5 2. Nf3 d6 3. Bb5+ Nd7 4. d3 a6 5. Bxd7+ Bxd7 6. c4 Nf6 7. h3 g6 8. 0-0 Bg7 9. Nc3 0-0 10. Be3 Bc6 11. Qd2 b5 12. b3 b4 13. Ne2 Re8 14. Rad1 a5 15. e5 Bxf3 16. exf6 Bxe2 17. fxe7 Qxe7 18. Qxe2 a4 19. Qc2 axb3 20. axb3 Ra6 21. d4 Qa7 22. Qd3 Ra3 23. dxc5 dxc5 24. Rb1 Qb6 25. Qd5 Rc8 26. Rfd1 Raa8 27. Qd6 Qa7 28. Rd3 Bf8 29. Qe5 Bg7 30. Qe4 Re8 31. Qf3 Rac8 32. Rbd1 Re7 33. Rd5 Rec7 34. Rd8+ Rxd8 35. Rxd8+ Bf8 36. Bh6 Qa1+ 37. Kh2 Qe5+ 38. Qg3 Qe7 39. Rxf8+ Qxf8 40. Bxf8 Ra7 41. Bxc5 Ra3 1-0

[Event "EU-ch Online U14 Girls"]
[Site "Tornelo INT"]
[Date "2020.09.19"]
[Round "5"]
[White "Gronhoj, Precious"]
[Black "Rozmanec, Pia"]
[Result "0-1"]
[WhiteElo "1154"]
[BlackElo "1565"]
[PlyCount "58"]
[EventDate "2020.09.18"]
[EventType "swiss (rapid)"]
[EventRounds "9"]
[EventCountry "NET"]
[SourceTitle "EXT 2023"]
[Source "ChessBase"]
[SourceDate "2022.10.05"]
[SourceVersion "1"]
[SourceVersionDate "2022.10.05"]
[SourceQuality "1"]
[WhiteTeam "Denmark"]
[BlackTeam "Slovenia"]
[WhiteTeamCountry "DEN"]
[BlackTeamCountry "SLO"]

1. Nf3 Nf6 2. d4 d5 3. Nc3 e6 4. h3 Be7 5. Bf4 0-0 6. e3 Nbd7 7. Bd3 b6 8. Qe2 Bb7 9. 0-0-0 c5 10. g4 c4 11. Bxh7+ Nxh7 12. h4 a6 13. e4 dxe4 14. Nxe4 Bxe4 15. Qxe4 Ndf6 16. Qe5 Qd5 17. Nh2 Qxe5 18. Bxe5 Nd5 19. Nf3 c3 20. b3 Ba3+ 21. Kb1 Nhf6 22. g5 Ne4 23. Rh2 f6 24. gxf6 Ndxf6 25. Rg2 Kf7 26. Ng5+ Nxg5 27. Rxg5 Ne4 28. Rg4 Nd2+ 29. Ka1 Bb2# 0-1

[Event "EU-ch U14 Girls"]
[Site "Bratislava"]
[Date "2019.08.09"]
[Round "8"]
[White "Popovic, Mateja"]
[Black "Rozmanec, Pia"]
[Result "1/2-1/2"]
[WhiteElo "1505"]
[BlackElo "1608"]
[PlyCount "46"]
[EventDate "2019.08.02"]
[EventType "swiss"]
[EventRounds "9"]
[EventCountry "SVK"]
[SourceTitle "EXT 2020"]
[Source "ChessBase"]
[SourceDate "2019.10.17"]
[SourceVersion "1"]
[SourceVersionDate "2019.10.17"]
[SourceQuality "1"]

1. d4 d5 2. c4 e6 3. Nc3 Nf6 4. Bg5 c6 5. e3 Nbd7 6. cxd5 exd5 7. Bd3 Be7 8. Nf3 0-0 9. 0-0 h6 10. Bh4 Nh5 11. Bxe7 Qxe7 12. Re1 Nhf6 13. Nh4 Nb6 14. Qf3 Rd8 15. e4 Nxe4 16. Nf5 Bxf5 17. Qxf5 Qd7 18. Bxe4 dxe4 19. Qxd7 Rxd7 20. Rxe4 Rad8 21. Rd1 c5 22. g3 cxd4 23. Ne2 d3 1/2-1/2

[Event "EU-ch U14 Girls"]
[Site "Bratislava"]
[Date "2019.08.06"]
[Round "5"]
[White "Rozmanec, Pia"]
[Black "Slusarczyk, Milena"]
[Result "0-1"]
[WhiteElo "1608"]
[BlackElo "1460"]
[PlyCount "60"]
[EventDate "2019.08.02"]
[EventType "swiss"]
[EventRounds "9"]
[EventCountry "SVK"]
[SourceTitle "EXT 2020"]
[Source "ChessBase"]
[SourceDate "2019.10.17"]
[SourceVersion "1"]
[SourceVersionDate "2019.10.17"]
[SourceQuality "1"]

1. e4 c5 2. Nf3 d6 3. d4 cxd4 4. Nxd4 Nf6 5. Nc3 a6 6. Be3 e5 7. Nb3 Be6 8. f3 Be7 9. Qd2 0-0 10. 0-0-0 a5 11. a4 Nc6 12. g4 Nb4 13. Kb1 d5 14. g5 Nxe4 15. fxe4 d4 16. Nxd4 exd4 17. Qg2 Bc5 18. Nb5 dxe3 19. Rxd8 Rfxd8 20. Be2 Rd2 21. Na3 Na2 22. Nb5 Bc4 23. Re1 Rad8 24. Qf3 Rxe2 25. Rh1 Red2 26. b3 Bxb5 27. Kxa2 Rxc2+ 28. Ka1 Bd4+ 29. Kb1 Rb2+ 30. Kc1 Rc8+ 0-1

[Event "EU-ch U14 Girls"]
[Site "Bratislava"]
[Date "2019.08.05"]
[Round "4"]
[White "Tsotsonava, Elene"]
[Black "Rozmanec, Pia"]
[Result "1-0"]
[WhiteElo "1874"]
[BlackElo "1608"]
[PlyCount "61"]
[EventDate "2019.08.02"]
[EventType "swiss"]
[EventRounds "9"]
[EventCountry "SVK"]
[SourceTitle "EXT 2020"]
[Source "ChessBase"]
[SourceDate "2019.10.17"]
[SourceVersion "1"]
[SourceVersionDate "2019.10.17"]
[SourceQuality "1"]

1. e4 c5 2. Nf3 d6 3. d4 cxd4 4. Nxd4 Nf6 5. Nc3 a6 6. Bg5 e6 7. f4 Be7 8. Qf3 Nbd7 9. 0-0-0 Qc7 10. g4 b5 11. Bxf6 Nxf6 12. g5 Nd7 13. f5 Bxg5+ 14. Kb1 Ne5 15. Qh5 Qe7 16. Nxe6 Bxe6 17. fxe6 0-0 18. Nd5 Qd8 19. h4 Be7 20. Bh3 g6 21. Qe2 Ra7 22. h5 Kg7 23. exf7 Nxf7 24. hxg6 hxg6 25. Nf4 Ng5 26. Nxg6 Kxg6 27. Bf5+ Rxf5 28. exf5+ Kf6 29. Rh6+ Kg7 30. Qh5 Qe8 31. Qxe8 1-0

[Event "SLO-chT2 East"]
[Site "Slovenia"]
[Date "2018.12.08"]
[Round "8"]
[White "Rozmanec, Pia"]
[Black "Urbanc, Suzana"]
[Result "1-0"]
[WhiteElo "1543"]
[BlackElo "1642"]
[PlyCount "115"]
[EventDate "2018.09.15"]
[EventType "team-tourn"]
[EventRounds "9"]
[EventCountry "SLO"]
[SourceTitle "EXT 2021"]
[Source "ChessBase"]
[SourceDate "2020.10.23"]
[SourceVersion "1"]
[SourceVersionDate "2020.10.23"]
[SourceQuality "1"]
[WhiteTeam "Sevnica Majcen"]
[BlackTeam "Brezice"]
[WhiteTeamCountry "SLO"]
[BlackTeamCountry "SLO"]

1. e4 Nf6 2. Nc3 d5 3. e5 d4 4. exf6 dxc3 5. fxg7 cxd2+ 6. Qxd2 Qxd2+ 7. Bxd2 Bxg7 8. 0-0-0 Be6 9. a3 0-0 10. Bf4 c6 11. Nf3 Nd7 12. Bd3 Nc5 13. Rhe1 Nxd3+ 14. Rxd3 Bf5 15. Rdd1 e6 16. h3 Rfd8 17. Nd2 Rd5 18. Nc4 Rad8 19. Rxd5 cxd5 20. Nd6 e5 21. Bxe5 Bxe5 22. Nxf5 Bf4+ 23. Kb1 Bg5 24. Rd1 b5 25. Nd4 a6 26. Nc6 Rd6 27. Nb4 d4 28. c3 a5 29. Nc2 d3 30. Ne1 d2 31. Nf3 Bh6 32. Kc2 Rf6 33. Rf1 Rd6 34. Nd4 b4 35. axb4 axb4 36. Nf5 b3+ 37. Kd1 Ra6 38. Nxh6+ Rxh6 39. Kxd2 Rd6+ 40. Kc1 Ra6 41. Re1 Ra1+ 42. Kd2 Ra2 43. Rb1 f5 44. c4 Ra8 45. Kc3 Rb8 46. Ra1 Kf7 47. Ra3 Re8 48. Rxb3 Re2 49. Rb7+ Kg6 50. Rd7 Rxf2 51. Rd2 Rf1 52. c5 Re1 53. c6 Re8 54. b4 Kf6 55. b5 h5 56. b6 Re6 57. c7 Rc6+ 58. Kd3 1-0